00790nam a22002057a 4500003000500000005001700005008004100022010001000063011001000073035001000083040000900093100003600102245016800138260003900306300002900345502013100374650002400505650003200529650002300561CHAP20220329133947.0971013s1992 r 00010 d a13271 a14243 a18316 cCHAP00aBernot Silis, Paulino Miguel N. aAspectos del comportamiento y biología del barrenillo del chile Anthonomus eugenii Cano (Coleóptera : Curculionidae) aplicados al control químico de la plaga aMonterrey, N.L. :bEl autor,c1992 a95 h.b: ilus. ; gráfs aTesis (M.C. Esp. en Sanidad Vegetal) -- ITESM. División de Graduados e Investigación. Programa de Graduados en Agricultura14aAnthonomus eugenii.14aChile (Botánica)xPlagas.14aControl de plagas.